000 00699nam a22002657a 4500
003 UA-OsUOA
001 28858
007 ta
008 20050511b un ||||| |||| 00| 0 ukr d
100 _aВорфоломеев В. И.
700 _aВоробьев С. Н.
090 _a338.24:004.832.2
_bВ18
942 _cBK
040 _aUA-OsUOA
_brus
_cUA-OsUOA
_dUA-OsUOA
245 _aПринятие управленческих решений
_bУчеб. пособие
300 _a288 с.
955 _a0
041 _arus
080 _a338.24:004.832.2
020 _a5-93378-019-7
260 _aМ.
_bКУДИЦ-ОБРАЗ
_c2001
044 _aRU
650 7 _2UDC
999 _c315231
_d315231